<?xml version="1.0" encoding="UTF-8"?>
<resp>
  <nextPage>https://data.bn.org.pl/api/networks/bibs.marcxml?marc=001+b0000005639268&amp;sinceId=5639269</nextPage>
  <collection>
    <record xmlns='http://www.loc.gov/MARC21/slim'><leader>02493nam a2200661 i 4500</leader><controlfield tag='001'>b0000005639268</controlfield><controlfield tag='005'>20241203220252.6</controlfield><controlfield tag='008'>170710s1793    li           |000 0 pol  </controlfield><controlfield tag='009'>9910337221605606</controlfield><datafield ind1=' ' ind2=' ' tag='026'><subfield code='a'>o-ay u-ra</subfield><subfield code='b'>4.ch (3(1 (3)</subfield><subfield code='c'>1793 (A)</subfield><subfield code='d'>1</subfield><subfield code='5'>WA N</subfield></datafield><datafield ind1=' ' ind2=' ' tag='035'><subfield code='a'>991012175759705066</subfield></datafield><datafield ind1=' ' ind2=' ' tag='035'><subfield code='a'>(PL-WaBN)b56392680-48omnis_nlop</subfield></datafield><datafield ind1=' ' ind2=' ' tag='035'><subfield code='a'>b56392680</subfield></datafield><datafield ind1=' ' ind2=' ' tag='035'><subfield code='a'>(PL)b0000005639268</subfield></datafield><datafield ind1=' ' ind2=' ' tag='040'><subfield code='a'>WA N</subfield><subfield code='c'>WA N</subfield><subfield code='d'>WA N</subfield></datafield><datafield ind1=' ' ind2=' ' tag='045'><subfield code='b'>d1793</subfield></datafield><datafield ind1=' ' ind2=' ' tag='046'><subfield code='l'>1793</subfield></datafield><datafield ind1='1' ind2=' ' tag='100'><subfield code='a'>Skarga, Piotr</subfield><subfield code='d'>(1536-1612)</subfield><subfield code='e'>Autor</subfield></datafield><datafield ind1='1' ind2='0' tag='245'><subfield code='a'>Kazania na niedziele y swięta całego roku w. x. Piotra Skargi Soc. Jesu.</subfield><subfield code='n'>T. 1.</subfield></datafield><datafield ind1='3' ind2=' ' tag='246'><subfield code='a'>Kazania na niedziele i święta całego roku</subfield></datafield><datafield ind1=' ' ind2=' ' tag='250'><subfield code='a'>Szósty raz przedrukowane.</subfield></datafield><datafield ind1=' ' ind2=' ' tag='260'><subfield code='a'>W Wilnie :</subfield><subfield code='b'>w Drukarni J. K. M. przy Akademij,</subfield><subfield code='c'>1793.</subfield></datafield><datafield ind1=' ' ind2=' ' tag='300'><subfield code='a'>[9] kart, 279 stron ;</subfield><subfield code='c'>16°.</subfield></datafield><datafield ind1=' ' ind2=' ' tag='336'><subfield code='a'>Tekst</subfield><subfield code='b'>txt</subfield><subfield code='2'>rdacontent</subfield></datafield><datafield ind1=' ' ind2=' ' tag='337'><subfield code='a'>Bez urządzenia pośredniczącego</subfield><subfield code='b'>n</subfield><subfield code='2'>rdamedia</subfield></datafield><datafield ind1=' ' ind2=' ' tag='338'><subfield code='a'>Wolumin</subfield><subfield code='b'>nc</subfield><subfield code='2'>rdacarrier</subfield></datafield><datafield ind1=' ' ind2=' ' tag='380'><subfield code='a'>Książki</subfield></datafield><datafield ind1=' ' ind2=' ' tag='380'><subfield code='a'>Publikacje religijne</subfield></datafield><datafield ind1=' ' ind2=' ' tag='380'><subfield code='a'>Starodruki</subfield></datafield><datafield ind1=' ' ind2=' ' tag='388'><subfield code='a'>1701-1800</subfield></datafield><datafield ind1=' ' ind2=' ' tag='500'><subfield code='a'>Dedykacja autora: ,,Nayjasnieyszemu y niezwycięzonemu monarsze Zygmuntowi III z Łaski Bożey krolowi polskiemu y szwedzkiemu, wielkiemu książęciu litewskiemu etc.&quot;.</subfield></datafield><datafield ind1='4' ind2=' ' tag='510'><subfield code='a'>Estr. XV-XVIII,</subfield><subfield code='c'>XXVIII, 145.</subfield></datafield><datafield ind1='0' ind2='7' tag='600'><subfield code='a'>Zygmunt</subfield><subfield code='b'>III Waza</subfield><subfield code='c'>(król Polski ;</subfield><subfield code='d'>1566-1632)</subfield><subfield code='2'>DBN</subfield></datafield><datafield ind1=' ' ind2='7' tag='650'><subfield code='a'>Duchowość katolicka</subfield><subfield code='2'>DBN</subfield></datafield><datafield ind1=' ' ind2='7' tag='650'><subfield code='a'>Homiletyka</subfield><subfield code='2'>DBN</subfield></datafield><datafield ind1=' ' ind2='7' tag='655'><subfield code='a'>Dedykacje</subfield><subfield code='2'>DBN</subfield></datafield><datafield ind1=' ' ind2='7' tag='655'><subfield code='a'>Kazania</subfield><subfield code='2'>DBN</subfield></datafield><datafield ind1=' ' ind2=' ' tag='658'><subfield code='a'>Religia i duchowość</subfield></datafield><datafield ind1='2' ind2=' ' tag='710'><subfield code='a'>Drukarnia Akademicka (Wilno)</subfield><subfield code='e'>Druk</subfield></datafield><datafield ind1=' ' ind2=' ' tag='752'><subfield code='a'>Litwa</subfield><subfield code='d'>Wilno.</subfield></datafield><datafield ind1=' ' ind2=' ' tag='852'><subfield code='b'>48OMNIS_NLOP</subfield><subfield code='8'>991012175759705066</subfield></datafield><datafield ind1=' ' ind2=' ' tag='852'><subfield code='b'>48OMNIS_NETWORK</subfield><subfield code='8'>9910337221605606</subfield></datafield><datafield ind1=' ' ind2=' ' tag='852'><subfield code='8'>22573266910005066</subfield><subfield code='j'>1</subfield><subfield code='h'>SD W.1.1328 I a</subfield><subfield code='b'>BN_PL</subfield><subfield code='p'>777i56942540</subfield><subfield code='c'>bstdr</subfield><subfield code='z'>Współoprawny z: SD W.1.1328 I b</subfield></datafield><datafield ind1=' ' ind2=' ' tag='950'><subfield code='u'>https://eu05.alma.exlibrisgroup.com/view/uresolver/48OMNIS_NETWORK/openurl?u.ignore_date_coverage=true&amp;portfolio_pid=53714129390005066&amp;Force_direct=true</subfield><subfield code='z'>Zobacz w Polonie: egzemplarz SD W.1.1328 I a</subfield><subfield code='8'>53714129390005066</subfield></datafield></record>
  </collection>
</resp>
